I owe Russia $1200.

Bibliographic Details
Main Author: Hope, Bob, 1903-2003
Format: Book
Language:English
Published: Garden City, N.Y. : Doubleday, [1963]
Edition:[1st ed.].

MARC

Tag First Indicator Second Indicator Subfields
LEADER 00000cam a2200000 4500
001 in00000182021
005 20151008083239.0
008 760130s1963 nyua 00000 eng
010 |a  63010519  
035 |a (OCoLC)01955546 
035 |9 AAT7021AM 
040 |a DLC  |c DLM  |d TXA  |d UtOrBLW 
049 |a TXAM  |c [359876] 
050 0 |a PN6162  |b .H647 
082 0 |a 927.92 
100 1 |a Hope, Bob,  |d 1903-2003. 
245 1 0 |a I owe Russia $1200. 
250 |a [1st ed.]. 
264 1 |a Garden City, N.Y. :  |b Doubleday,  |c [1963] 
300 |a 272 pages :  |b illustrations ;  |c 22 cm. 
336 |a text  |b txt  |2 rdacontent 
337 |a unmediated  |b n  |2 rdamedia 
338 |a volume  |b nc  |2 rdacarrier 
999 |a MARS 
999 f f |s a2f094f1-8b9d-39df-b382-753232a6b4e5  |i 97792200-87e6-3d00-9d9d-79dd7fcc48f9  |t 0 
952 f f |p ric  |a Texas A&M University  |b Rellis Campus  |c Joint Library Facility  |d Remote Storage  |t 0  |e PN6162 .H647  |h Library of Congress classification  |i unmediated -- volume  |m A14803741597 
998 f f |a PN6162 .H647  |t 0  |l Remote Storage